Missing Word: 1970s 'W' Song Endings Quiz Stats

 Plays Quiz Updated Jul 21, 2016

Challenge
Share
Tweet
Embed
Score 0/20 Timer 04:00
0 Plays Today
Song Missing Word % Correct
Bridge Over Troubled _____Water
98.5%
The Way We _____Were
97.1%
Black & _____White
96.9%
Love The One You're _____With
95.4%
No Matter _____What
93.4%
Top Of The _____World
93%
Dust In The _____Wind
92%
I Am _____Woman
87.8%
Show Me The _____Way
87.7%
Some Kind Of _____Wonderful
84.1%
Song Missing Word % Correct
Heat _____Wave
83.7%
Dream _____Weaver
74.1%
Every 1's A _____Winner
73.9%
I _____Wish
52.3%
Spill The _____Wine
51.8%
Betcha By Golly, _____Wow
42.3%
Love Won't Let Me _____Wait
33.8%
Born To _____Wander
27.4%
Little _____Willy
23.7%
Clap For The _____Wolfman
22%

Today's Daily Dose

You're not logged in!

Compare scores with friends on all Sporcle quizzes.
OR
Log In

You Might Also Like...

Show Comments

Extras

Top Quizzes Today


Score Distribution

Your Account Isn't Verified!

In order to create a playlist on Sporcle, you need to verify the email address you used during registration. Go to your Sporcle Settings to finish the process.

Report this User

Report this user for behavior that violates our Community Guidelines.

Details: